| 000 | 01515ctm a22002891i 4500 | ||
|---|---|---|---|
| 003 | SA-RiAUC | ||
| 005 | 20251218130148.0 | ||
| 008 | 251215s1999 su f m 00000 ara c | ||
| 040 |
_aSA-JeALM _bara _cSA-RiAUC _erda |
||
| 082 | 0 | 4 | _a257.2 |
| 090 |
_aر 257.2 _bا و هـ |
||
| 100 | 1 |
_aأوهاب، نذير بن محمد الطيب، _d1961- _eمؤلف. |
|
| 245 | 1 | 0 |
_aتنمية المال العام وحمايته في الفقه والنظام / _cإعداد نذير بن محمد الطيب أوهاب ؛ إشراف محمد نبيل بن سعد الشاذلي. |
| 264 | 0 |
_aالرياض : _bجامعة الإمام محمد بن سعود الإسلامية _c1999 |
|
| 300 |
_a1072 ورقة ؛ _c30 سم |
||
| 336 |
_aنص _btxt _2rdacontent _3أطروحة |
||
| 337 |
_aبدون وسيط _bn _2rdamedia |
||
| 338 |
_aمجلد _bnc _2rdacarrier |
||
| 500 | _aأطروحة (دكتوراه)-جامعة الإمام محمد بن سعود الإسلامية، 1419 هجري. | ||
| 502 |
_bدكتوراه _cجامعة الإمام محمد بن سعود الإسلامية، المعهد العالي للقضاء، _d1419 هجري. |
||
| 504 | _aيشتمل على إرجاعات ببليوجرافية. | ||
| 650 | 7 |
_aالنظام المالي في الإسلام _2aucsh |
|
| 650 | 7 |
_aالمالية العامة _xقوانين وتشريعات _2aucsh |
|
| 700 |
_aالشاذلي, محمد نبيل بن سعد. _eإشراف |
||
| 942 |
_2ddc _cTHESES _n0 |
||
| 949 |
_aSA-JeALM _d251215 _umohamedma123 _n1 |
||
| 999 |
_c13582 _d13582 |
||